Themed Geography Grab Bag Quiz Stats

 Plays Quiz Updated Apr 24, 2019

Score 0/15 Timer 06:00
5 Plays Today
Hint Answer % Correct
Name the largest tropical rainforest in the world with an estimated 390 billion trees.Amazon
90.7%
What color can be found on the flags of Vietnam, Spain and Palau?Gold/Yellow
89%
Because of its vast industry in farming a particular fruit, what is one state nickname of Florida?The Orange State
88.1%
Which U.S. state borders Alabama, Arkansas, Tennessee and Louisiana?Mississippi
81.3%
In which U.S. state will you find Aspen Mountain and Mesa Verde National Park?Colorado
81.1%
Which country has AsunciĆ³n as its capital city?Paraguay
78.4%
Which North American capital derives its names from the Algonquin Odawa, meaning 'to trade'?Ottawa
78.1%
The Lake of the Ozarks and Gateway Arch are both located in which U.S. state?Missouri
74.2%
Hint Answer % Correct
What name may follow 'Belgian', 'French' and 'Portuguese' to give three former colonies of central Africa?Congo
69.5%
Which mountain range forms part of the conventional boundary between Europe and Asia?The Ural Mountains
68.1%
What is the state capital of South Carolina?Columbia
60.1%
Which African nation is almost entirely surrounded by Senegal?The Gambia
59.5%
What is Canada's smallest and westernmost federal territory?Yukon
51.3%
Zinder, Maradi and Niamey are all cities in which African nation?Niger
49.4%
Which gulf is bounded by New Brunswick, Nova Scotia, Prince Edward Island, Newfoundland and Quebec?Gulf of Saint Lawrence
31%

You're not logged in!

Compare scores with friends on all Sporcle quizzes.
OR
Log In

Sporcle TV

Today on Sporcle TV


Watch our educational content, quiz creation guides, and fun videos on Sporcle TV.

Show Comments

Extras

Top Quizzes Today


Score Distribution

Your Account Isn't Verified!

In order to create a playlist on Sporcle, you need to verify the email address you used during registration. Go to your Sporcle Settings to finish the process.

Report this User

Report this user for behavior that violates our Community Guidelines.

Details: